The leafminers Liriomyza bryoniae and L. trifolii (Diptera : Agromyzidae), their parasites and host plants : a revies

Bibliographic Details
Main Author: MINKENBERG
Other Authors: Lenteren
Format: Book
Published: Wageningen, The Netherlands : Agricultural University Wageningen , 1986
Series:Agricultural University Wageningen papers ; 86-2
Subjects:

MARC

LEADER 00000cam a2200000 7i4500
001 0000001570
005 20010808.0
020 0 0 |a 9067540919 
090 0 0 |a 632.774   |b MIN 1986 
100 1 0 |a MINKENBERG   |h Oscar P. J. M. 
245 1 4 |a The leafminers Liriomyza bryoniae and L. trifolii (Diptera : Agromyzidae), their parasites and host plants : a revies   |c Oscar P.J.M. Minkenberg and J.C. van Lenteren 
260 0 0 |a Wageningen, The Netherlands :   |b Agricultural University Wageningen ,   |c 1986 
300 |a 50 p. :   |b ill. ;   |c 25 cm. 
440 0 0 |a Agricultural University Wageningen papers ; 86-2 
500 0 0 |a Bibliography: p. 37-50 
650 0 0 |a Liriomyza bryoniae   |x Biological control 
650 0 0 |a Liriomyza trifolii   |x Biological control 
700 0 1 |a Lenteren   |h J. C. van 
998 |a JPSM 
999 |a 0000002690   |b Monograph   |c Open Shelf   |e Default branch